Super Mario Characters - Statistics

General Stats
  • This quiz has been taken 254 times
    249 since last reset
  • The average score is 15 of 30
Answer Stats
Mario Character % Correct
Mario
99%
Luigi
97%
Princess Peach
96%
Bowser
95%
Princess Daisy
83%
Toad
83%
Yoshi
82%
Bowser Jr.
78%
Wario
77%
Kammy Koopa
73%
Koopa Kid
73%
Waluigi
72%
Donkey Kong
65%
Rosalina
64%
Toadette
63%
Birdo
51%
King Boo
51%
Dry Bones
32%
Kamek
32%
Toadsworth
31%
Baby Luma
26%
Pauline
16%
Koopalings
14%
Boom Boom
11%
Pom Pom
8%
Professor E. Gadd
7%
Wart
7%
Fawful
5%
Tatanga
2%
Petey Pirhana
1%
No matching quizzes found
Score Distribution
Percent of People with Each Score
Percentile by Number Answered
Your Score History
You have not taken this quiz since the last reset